No tempo da guerra de Tróia (Registo nº 2162)
[ vista simples ]
| 000 -Etiqueta do registo | |
|---|---|
| Cabeçalho | 00865nam a2200265 4500 |
| 005 - Identificador da versão | |
| Campo de controlo | 20240827114719.0 |
| 021 ## - Número do Depósito Legal | |
| Código do país | PT |
| Número | 20021/88 |
| 100 ## - Dados gerais de processamento | |
| Dados gerais de processamento | 19980615d1988 m y0pory5003 ba |
| 101 1# - Língua de publicação | |
| Língua do texto, banda sonora, etc. | Português |
| Língua do documento no original | Francês |
| 102 ## - Pais de publicação ou produção | |
| País de publicação | Portugal |
| 200 1# - Titulo e menção de responsabilidade | |
| Título próprio | No tempo da guerra de Tróia |
| Primeira menção de responsabilidade | Dominique Chambrom |
| Outras menções de responsabilidade | il. François Davot |
| 210 ## - Publicação, Distribuição, etc. | |
| Lugar da edição, distribuição, etc. | Lisboa |
| -- | Säo Paulo |
| Nome do editor, distribuidor, etc. | Verbo |
| Data da publicação, distribuição, etc. | imp. 1988 |
| 215 ## - Descrição física | |
| Indicação específica da natureza do documento e extensão da espécie | 156, [1] p. |
| Outras indicações físicas | il. |
| Dimensões | 19 cm |
| 225 2# - Colecção | |
| Título próprio da colecção | A vida no passado |
| Indicação de volume | 6 |
| 304 ## - Notas relativas a título e menção de responsabilidade | |
| Texto da nota | Tít. orig. : La vie quotidienne au temps de la guerre de Troie (XIIIe siécle avant J.C.) |
| 606 ## - Nome comum usado como assunto | |
| Número de registo de entrada de autoridade | 0000965 |
| Palavra de ordem | História |
| Subdivisão de assunto | Guerra de Tróia |
| Número de registo de entrada de autoridade | 0000949 |
| Palavra de ordem | Vida quotidiana |
| 675 ## - Classificação Decimal Universal (CDU) | |
| Notação | 94 |
| Edição | 2ª |
| Língua da edição | por |
| Notação | 39 |
| Edição | 2ª |
| Língua da edição | por |
| 700 #1 - Nome de autor-pessoa física (responsabilidade principal) | |
| Número de registo de entrada de autoridade | 0000966 |
| Palavra de ordem | Chambron |
| Outra parte do nome não tomada para palavra de ordem | Dominique |
| 702 #1 - Nome de autor-pessoa física (responsabilidade secundária) | |
| Número de registo de entrada de autoridade | 0000963 |
| Palavra de ordem | Davot |
| Outra parte do nome não tomada para palavra de ordem | François |
| Código de função | Ilustrador / Técnico de desenho computorizado |
| Número de registo de entrada de autoridade | 0000967 |
| Palavra de ordem | Bragança |
| Outra parte do nome não tomada para palavra de ordem | Maria Gabriela de |
| Código de função | Tradutor |
| 942 ## - Elementos de entrada adicionados (Koha) | |
| Tipo de item no Koha | Livro |
| Situação do levantamento | Origin of item (home branch) (coded) | Biblioteca de empréstimo | Código de barras | Cota | Circulation type (not for loan) | Tipo de documento | Nota do exemplar | Damaged status |
|---|---|---|---|---|---|---|---|---|
| Biblioteca Escolar da Coca Maravilhas | Biblioteca Escolar da Coca Maravilhas | BECM3594/98 | 9HIS CHA | Livro | Sem mensagem |
